|
|
|
|
| LEADER |
00000cam a22000004a 4500 |
| 001 |
musev2_3783 |
| 003 |
MdBmJHUP |
| 005 |
20230905040453.0 |
| 006 |
m o d |
| 007 |
cr||||||||nn|n |
| 008 |
990322s1999 dcu o 00 0 eng d |
| 010 |
|
|
|z 99023063
|
| 020 |
|
|
|a 9781563681554
|
| 020 |
|
|
|z 1563681552
|
| 020 |
|
|
|z 9781563680823
|
| 020 |
|
|
|z 1563680823
|
| 035 |
|
|
|a (OCoLC)43475847
|
| 040 |
|
|
|a MdBmJHUP
|c MdBmJHUP
|
| 043 |
|
|
|a n-us---
|
| 050 |
0 |
4 |
|a HQ759.913
|b .B68 1999
|
| 082 |
0 |
|
|a 649/.1512
|2 21
|
| 100 |
1 |
|
|a Bowers, Tressa,
|d 1949-
|
| 245 |
1 |
0 |
|a Alandra's Lilacs :
|b The Story of a Mother and Her Deaf Daughter /
|c Tressa Bowers.
|
| 264 |
|
1 |
|a Washington, D.C. :
|b Gallaudet University Press,
|c 1999.
|
| 264 |
|
3 |
|a Baltimore, Md. :
|b Project MUSE,
|c 2012
|
| 264 |
|
4 |
|c ©1999.
|
| 300 |
|
|
|a 1 online resource (158 pages):
|b ill. ;
|
| 336 |
|
|
|a text
|b txt
|2 rdacontent
|
| 337 |
|
|
|a computer
|b c
|2 rdamedia
|
| 338 |
|
|
|a online resource
|b cr
|2 rdacarrier
|
| 588 |
|
|
|a Description based on print version record.
|
| 600 |
1 |
0 |
|a Bowers, Tressa,
|d 1949-
|
| 650 |
|
0 |
|a Parent and child
|z United States.
|
| 650 |
|
0 |
|a Deaf children
|x Family relationships
|z United States.
|
| 650 |
|
0 |
|a Parents of deaf children
|z United States
|v Biography.
|
| 655 |
|
7 |
|a Electronic books.
|2 local
|
| 710 |
2 |
|
|a Project Muse.
|e distributor
|
| 830 |
|
0 |
|a Book collections on Project MUSE.
|
| 856 |
4 |
0 |
|z Texto completo
|u https://projectmuse.uam.elogim.com/book/3783/
|
| 945 |
|
|
|a Project MUSE - Custom Collection
|
| 945 |
|
|
|a Project MUSE - Archive Complete Foundation
|
| 945 |
|
|
|a Project MUSE - Archive History Foundation
|